| 000 | 01082cam a22003377a 4500 | ||
|---|---|---|---|
| 003 | CHAP | ||
| 005 | 20220329142945.0 | ||
| 008 | 050419d2004 us abd r 00110 eng d | ||
| 010 | _a90129 | ||
| 011 | _a91101 | ||
| 020 | _a0300100493 | ||
| 035 | _a101659 | ||
| 040 | _cCHAP | ||
| 082 | 0 | 4 |
_a631.523 _bB7 |
| 100 | 0 | 0 |
_aBrush, Stephen B. _915812 |
| 245 | 1 | 0 |
_aFarmers' bounty: _blocating crop diversity in the contemporary world _c/by Stephen B. Brush |
| 260 |
_aNew Haven : _bYale University Press, _cc. 2004 |
||
| 300 |
_a327 p. : _bilus. ; gráfs. ; mapas ; tablas |
||
| 590 |
_aBATCH-UPD _b10 _c20130110 _lUCH01 _h1403 |
||
| 590 |
_aBATCH-UPD _b10 _c20130410 _lUCH01 _h0853 |
||
| 590 |
_aBATCH-UPD _b10 _c20130914 _lUCH01 _h1052 |
||
| 590 |
_aCONVERSION _b10 _c20130109 _lUCH01 _h1350 |
||
| 650 | 1 | 4 |
_aCosecha. _928441 |
| 650 | 1 | 4 |
_aGermoplasma. _947766 |
| 650 | 1 | 4 |
_aRecursos genéticos. _995078 |
| 901 | _aBK | ||
| 905 | _aMarco A. Mendoza T. | ||
| 911 | _aCustodia | ||
| 942 | _cLIBRO | ||
| 949 |
_a631.523 B7 _bBC _cLIBRO _d33724000949664 _eLIBRO _gFotocopia _h105485 _i101659 _sb |
||
| 999 |
_c90129 _d90129 |
||